000 00287nam a22001337a 4500
003 SGT
020 _a81.7391-490-7
082 _a302.23
_bGUP
100 _aGUPTA, OM
245 _aBASIC ASPECTS OF MEDIA WRITING
260 _aDELHI
_bKANISHKA
_c2013
300 _a107
942 _2ddc
_cBK
999 _c22083
_d22083